A practical guide to company secretarial practice : (Record no. 21970)
[ view plain ]
| 000 -LEADER | |
|---|---|
| fixed length control field | 00856nam a2200265#a 4500 |
| 001 - CONTROL NUMBER | |
| control field | 00329 |
| 003 - CONTROL NUMBER IDENTIFIER | |
| control field | HDC |
| 007 - PHYSICAL DESCRIPTION FIXED FIELD--GENERAL INFORMATION | |
| fixed length control field | ta |
| 008 - FIXED-LENGTH DATA ELEMENTS--GENERAL INFORMATION | |
| fixed length control field | 230623s2002 xx 000 0 eng d |
| 020 ## - INTERNATIONAL STANDARD BOOK NUMBER | |
| International Standard Book Number | 9832431190 (pbk.). |
| 040 ## - CATALOGING SOURCE | |
| Original cataloging agency | HDC |
| 050 ## - LIBRARY OF CONGRESS CALL NUMBER | |
| Classification number | C 15.9 |
| Item number | .F65 2002 |
| 100 ## - MAIN ENTRY--PERSONAL NAME | |
| Personal name | Fok, William |
| 245 #2 - TITLE STATEMENT | |
| Title | A practical guide to company secretarial practice : |
| Remainder of title | incorporating the latest amendments with special reference to resolutions and meeting procedures / |
| Statement of responsibility, etc. | Willian Fok |
| 250 ## - EDITION STATEMENT | |
| Edition statement | 2nd ed. |
| 264 ## - PRODUCTION, PUBLICATION, DISTRIBUTION, MANUFACTURE, AND COPYRIGHT NOTICE | |
| Place of production, publication, distribution, manufacture | Kuala Lumpur : |
| Name of producer, publisher, distributor, manufacturer | Leeds Publications, |
| Date of production, publication, distribution, manufacture, or copyright notice | 2002 |
| 300 ## - PHYSICAL DESCRIPTION | |
| Extent | xviii, 522p. ; |
| Dimensions | 22cm |
| 650 ## - SUBJECT ADDED ENTRY--TOPICAL TERM | |
| Topical term or geographic name entry element | Corporate meetings |
| General subdivision | Handbooks, manuals, etc. |
| 650 ## - SUBJECT ADDED ENTRY--TOPICAL TERM | |
| Topical term or geographic name entry element | Corporate resolutions |
| General subdivision | Handbooks, manuals, etc. |
| 650 ## - SUBJECT ADDED ENTRY--TOPICAL TERM | |
| Topical term or geographic name entry element | Corporate secretaries |
| General subdivision | Handbooks, manuals, etc. |
| 942 ## - ADDED ENTRY ELEMENTS (KOHA) | |
| Source of classification or shelving scheme | Library of Congress Classification |
| 942 ## - ADDED ENTRY ELEMENTS (KOHA) | |
| Koha item type | Book |
| 942 ## - ADDED ENTRY ELEMENTS (KOHA) | |
| Call number prefix | C 15.9 |
| 942 ## - ADDED ENTRY ELEMENTS (KOHA) | |
| Call number suffix | .F65 2002 |
| Withdrawn status | Lost status | Source of classification or shelving scheme | Damaged status | Not for loan | Collection | Home library | Current library | Shelving location | Date acquired | Total checkouts | Full call number | Barcode | Date last seen | Price effective from | Koha item type |
|---|---|---|---|---|---|---|---|---|---|---|---|---|---|---|---|
| Library of Congress Classification | Non-fiction | Halal Development Corporation Library | Halal Development Corporation Library | Open Shelves | 17/11/2020 | C 15.9 .F65 2002 | HDC 0000206 | 24/05/2023 | 24/05/2023 | Book |
